Unique Official Languages - Statistics

General Stats
  • This quiz has been taken 58 times
  • The average score is 72 of 85
Answer Stats
Language Country % Correct
Afrikaans South Africa
100%
Northern Sotho South Africa
100%
Southern Ndebele South Africa
100%
Zulu South Africa
100%
Norwegian Norway
98%
Sami Norway
98%
Filipino (Tagalog) Philippines
98%
Samoan Samoa
98%
Georgian Georgia
96%
Hindi India
96%
Persian Iran
96%
Lao Laos
96%
Latvian Latvia
96%
Lithuanian Lithuania
96%
Luxembourgish Luxembourg
96%
Palauan Palau
96%
Seychellois Creole Seychelles
96%
Slovak Slovakia
96%
Fijian Fiji
95%
Fiji Hindi Fiji
95%
Finnish Finland
95%
Hungarian Hungary
95%
Hebrew Israel
95%
Kazakh Kazakhstan
95%
Mongolian Mongolia
95%
Burmese Myanmar
95%
Polish Poland
95%
Slovene Slovenia
95%
Somali Somalia
95%
Thai Thailand
95%
Uzbek Uzbekistan
95%
Azerbaijani Azerbaijan
93%
Bulgarian Bulgaria
93%
Czech Czechia
93%
Danish Denmark
93%
Estonian Estonia
93%
Icelandic Iceland
93%
Irish Ireland
93%
Japanese Japan
93%
Kyrgyz Kyrgyzstan
93%
Maltese Malta
93%
Nepali Nepal
93%
Macedonian North Macedonia
93%
Turkmen Turkmenistan
93%
Tuvaluan Tuvalu
93%
Khmer Cambodia
91%
Haitian Creole Haiti
91%
Kurdish Iraq
91%
Marshallese Marshall Islands
91%
Tongan Tonga
91%
Vietnamese Vietnam
91%
Armenian Armenia
89%
Nauruan Nauru
89%
Tajik Tajikistan
89%
Ukrainian Ukraine
89%
Bengali Bangladesh
87%
Belarusian Belarus
87%
Maldivian (Dhivehi) Maldives
87%
Comorian Comoros
85%
Māori New Zealand
85%
Urdu Pakistan
84%
Romansh Switzerland
82%
Dari Afghanistan
80%
Pashto Afghanistan
80%
Catalan Andorra
78%
Amharic Ethiopia
76%
Hiri Motu Papua New Guinea
73%
Tok Pisin Papua New Guinea
73%
Sinhala Sri Lanka
73%
Malagasy Madagascar
71%
Kinyarwanda Rwanda
71%
Kirundi Burundi
69%
Dzongkha Bhutan
64%
Araona Bolivia
64%
Aymara Bolivia
64%
Baure Bolivia
64%
+30 others Bolivia
64%
Gilbertese Kiribati
62%
Chibarwe Zimbabwe
47%
Kalanga Zimbabwe
47%
Koisan Zimbabwe
47%
+6 others Zimbabwe
47%
Bislama Vanuatu
38%
Tetum Timor-Leste
36%
Sango Central African Republic
35%
No matching quizzes found
Score Distribution
Percent of People with Each Score
Percentile by Number Answered
Your Score History
You have not taken this quiz